| 000 | 00647nam a2200241Ia 4500 | ||
|---|---|---|---|
| 003 | OSt | ||
| 005 | 20220918221629.0 | ||
| 006 | a|||||r|||| 00| 0 | ||
| 007 | ta | ||
| 008 | 220917b |||||||| |||| 00| 0 eng d | ||
| 024 | _a202,249 | ||
| 037 | _cTextual | ||
| 040 |
_aARTS _cARTS _beng |
||
| 041 |
_2eng _aeng |
||
| 082 | _aQ:(R), P2 | ||
| 100 |
_aCaputo John D Ed. _9140994 |
||
| 245 | 0 | _aThe religious | |
| 260 |
_aU _bS A Blackwell Publishers _c2002 |
||
| 300 |
_axiii, 322p _ccm. |
||
| 490 | _aBlackwell readings in continental philosophy | ||
| 942 |
_hQ:(R), P2 _cTEXL _2CC |
||
| 999 |
_c273147 _d273147 |
||